| 000 | 00750nam a2200205Ia 4500 | ||
|---|---|---|---|
| 001 | 14071 | ||
| 003 | GE_BSU | ||
| 008 | 181216s||||||||xx |||||||||||||| ||und|| | ||
| 040 | _cGE_BSU | ||
| 080 | _a665.5 | ||
| 100 | _aРадченко,В.М. | ||
| 245 | _aТаблицы для определения веса нефти и нефтепродуктов в железнодорожных цистернах. | ||
| 245 | _cВед. ред. К.П.Святитская. | ||
| 260 | _aМ. | ||
| 260 | _bНедра. | ||
| 260 | _c1964. | ||
| 300 | _a692 стр. 27 см. | ||
| 653 | _aТаблицы для определения веса нефти и нефтепродуктов в железнодорожных цистернах. | ||
| 942 | _cBK | ||
| 999 |
_c47211 _d47211 |
||